000 00648nam a2200241Ia 4500
003 OSt
005 20221006153748.0
006 a|||||r|||| 00| 0
007 ta
008 221006b |||||||| |||| 00| 0 eng d
020 _a4770027575
024 _a33,270
037 _cAnnuals, Advances
040 _aEASL
_cEASL
_beng
041 _2eng
_aeng
082 _aV42, P3
100 _aNAITO Akira Au.
_9665330
245 0 _aEdo,the city that become Tokyo
260 _aBunkyo
_bKodansha International Japan
_c2003
300 _a211p.
_ccm.
942 _hV42, P3
_cREF
_2CC
999 _c1101356
_d1101356